000 01267cai a22002055a 4500
001 L155061
008 120223u2012 xxk g 000 0 eng d
035 _a(Sirsi) u155061
041 0 _aeng
110 2 _aUnited Kingdom
_bCabinet Office
_95270
245 0 0 _aGovernment construction cost benchmarks
_h[electronic resource]
520 _aNew data reveals that departments have already saved £188 million on construction in the past 18 months, and sets out how the Government will reduce these costs even further over the next three years. The data shows that the costs of building projects such as schools and hospitals are set to fall by 15-20%. The published data will provide a standard average cost for projects that the public sector will be able to use to negotiate better prices and challenge industry for the first time, challenging firms to "beat the benchmark". Data sets include health, roads, schools, prisons and flood defences.
590 _aKA NTK
651 4 _aUnited Kingdom
_y
690 _aConstruction management
_96230
690 _aCost management
_96233
690 _aProcurement-old
856 4 0 _uhttps://www.gov.uk/government/publications/construction-cost-benchmark-data
_zView the downloads free of charge at www.gov.uk
942 _n0
999 _c120952
_d120952